000 02457nam a2200421 a 4500
001 000012923
005 20200929163112.0
008 091118s2001 dr abc 000 0 spa d
020 _a8482613669 (v. 1)
020 _a8482613634 (v. 2)
020 _a8482613642 (v. 3)
020 _a8482613650 (v. 4)
040 _aDO-SdBNP
_bspa
_cBNPHU
082 _a372.83
_bS678
245 0 0 _aSociedad :
_beducación media /
_cIgnacio Aybar, [et.al]...; dirección editorial Obdulia García de Escobar; ilustración Ruddy Núñez; fotografía Carlos Diez Polanco, Ricardo Briones.
260 _aSanto Domingo :
_bSantillana,
_c2001.
300 _av. :
_bil., maps., retrs. ;
_c28 cm.
490 1 _aUmbral
505 0 _gv. 1 :
_tHistoria y geografía universal --
_tLa historia y el origen de la humanidad --
_tLas primeras civilizaciones --
_tDel feudalismo al capitalismo --
_tEl mundo contemporáneo --
_tDescubre tu planeta... la tierra --
_tGeografía humana: población y espacio humanizado --
505 0 _gv. 2 :
_tHistoria y geografía de América --
_tAmérica precolombina y Europa en el siglo XV --
_tDescubrimiento y colonización --
_tLas independencias americanas --
_tAmérica en el siglo XX --
_tDescubre tu continente... América --
_tLa población y el espacio organizado --
505 0 _gv. 3 :
_tHistoria y geografía de la República Dominicana --
_tLa colonización en la isla de Santo Domingo --
_tEmancipación y vida republicana --
_tLa formación del estado moderno --
_tLa primera mitad del siglo XX --
_tDescubre nuestro país... --
505 0 _gv. 4 :
_tLa República Dominicana hoy --
_tLuchas democráticas y procesos políticos --
_tPolítica y sociedad a partir de 1965 --
_tEl espacio económico y la población --
_tLa República Dominicana y la globalización --
500 _aEducación media
650 4 _aHistoria dominicana
_xEnseñanza secundaria
_929823
650 4 _aHistoria
_xLibro de texto
_929824
650 4 _aCiencias sociales
_xEnseñanza secundaria
_929825
700 1 _aBriones, Ricardo
_efot.
_929826
700 1 _aAybar, Ignacio
_929767
700 1 _aCapellán Almonte, Fanny
_929766
700 1 _aEscobar, Manuel
_929827
700 1 _aDiez Polanco, Carlos
_efot.
_929828
700 1 _aLora, Quisqueya
_929829
700 1 _aMorales, Marcos
_929769
700 1 _aDe la Cruz, María Ramona
_929830
700 1 _aGarca Escobar, Obdulia,
_edir. ed.
_929770
700 1 _aNúñez, Ruddy,
_eil.
_923171
830 0 _aUmbral
_929222
999 _c12571
_d12571